Statistics for Cities Closest to the Pyramids of Giza

Click here to take the quiz!

General Stats

  • This quiz has been taken 35 times
  • The average score is 14 of 22

Answer Stats

KilometresCityMiles% Correct
4Cairo3
100%
182Alexandria113
90%
591Beirut367
80%
501Amman311
77%
1298Baghdad806
77%
618Damascus384
77%
429Jerusalem266
77%
1609Khartoum1000
77%
1286Mecca799
77%
411Tel Aviv222
77%
1034Medina642
73%
886Aleppo551
67%
1109Ankara689
67%
1121Athens696
67%
1007Izmir626
67%
1239Jeddah770
60%
1619Kuwait City1006
53%
342Gaza City212
40%
766Antalya475
30%
1374Erbil854
30%
864Adana537
13%
881Konya548
10%

Score Distribution

Percentile by Number Answered

Percent of People with Each Score

Your Score History

You have not taken this quiz